| 000 | 00790nam a2200265Ia 4500 | ||
|---|---|---|---|
| 001 | 21980 | ||
| 005 | 20260320113331.0 | ||
| 008 | 260320s9999||||xx |||||||||||||| ||und|| | ||
| 020 | _a9786125037404 | ||
| 041 | _aESP | ||
| 082 |
_a985.004 _bL49 V. 1 |
||
| 100 |
_aLerner, Adrián, _eEDT |
||
| 245 | 0 |
_aPerú global : _bexplicar el Perú con el mundo |
|
| 246 |
_a _5 _b |
||
| 250 | _aPrimera edición | ||
| 260 |
_aLima : _bEditorial Planeta Perú, _c2025 |
||
| 300 |
_a451 páginas : _b _c23 cm. _e |
||
| 440 |
_a(Crítica) _n _v |
||
| 650 | _aHIS | ||
| 653 | _aPerú - Historia | ||
| 654 | _aCHU | ||
| 700 |
_aVergara, Alberto, _cEDT |
||
| 856 |
_uhttps://0u20jme4p-y-https-www-jstor-org.itmsp.museknowledge.com/ _zVéase además: Base de datos JSTOR |
||
| 942 |
_cLIB _dJUS _fMAT _2ddc _n |
||
| 999 |
_c21980 _d21980 |
||